Statistiques concernant Culture Pop par lettre - M

Cliquez ici pour prendre le quiz!

Statistiques générales

  • Ce quiz a été pris 1 665 fois
  • Le résultat moyen est 12 sur 15

Statistiques - réponses

CatégorieIndiceRéponse% Correct
Bande DessinéeNom du chien de TintinMilou
97%
JeuDu Boulevard de Belleville à la Rue de la Paix, faites attention à la case prison !Monopoly
97%
Bande DessinéeAnimal imaginaire jaune et noir doté d'une queue immense qu'il peut utiliser en ressort, en canne à pêche...Marsupilami
93%
Film d'animationSérie de films, où Gru, un vilain professionnel adopte trois sœurs Margo, Édith et AgnèsMoi, Moche et Méchant
92%
Film d'animationPrénom de l'enfant du film "Le Livre de la Jungle"Mowgli
92%
SérieSitcom américaine, mettant en scène la vie d'un ado surdoué, de ses parents (Hal et Lois) et de ses frères (Francis, Reese et Dewey)Malcolm in the Middle
90%
Jeu VideoJeu de construction libre, connu pour son design pixeliséMinecraft
88%
FilmDans les films "Retour Vers le Futur", quel est le prénom ou nom de famille du jeune accompagnant le professeur Brown dans sa folle aventure de voyage temporel ?Marty McFly
80%
Film d'animationPrénom du mammouth, personnage principal de l'Age de GlaceManny
79%
Film d'animationDans cette ville l'énergie est générée par la peur des enfants. Sulli, assisté de son ami Bob, fait parti des "Terreurs d'Elite". Un jour ils rencontrent une petite fille qu'ils surnomment "Bouh"...Monstres et Cie
78%
FilmSérie de films mélangeant action, science-fiction et comédie, sur une organisation secrète utilisant souvent des "neutralyzers"/"neurolasers" pour, dans un flash, effacer la mémoire des témoins ayant découvert l'existence des extraterrestresMen In Black
77%
Personnage célèbreDans la famille Addams, je demande la fille...Mercredi Addams
77%
CélébritéIcône absolue née dans les années 1920 sous le nom de Norma Jean(e) Baker-MortensonMarilyn Monroe
67%
CélébritéChanteur canadien, auteur-interprète des chansons "Treat You Better", "In My Blood", "If I Can Have You"...Shawn Mendes
46%
Comédie musicaleComédie musicale, adaptation d'un roman du XIXe siècle, on peut y trouver les chansons : "One Day More", "I Dreamed a Dream", "Do You Hear the People Sing?"Les Misérables
24%

Distribution des résultats

Percentile par nombre de réponses

% des personnes avec chaque résultat

Votre développement - résultats

Vous n’avez pas pris ce quiz